[Event "Masters 4th"]
[Site "Enghien-les-Bains "]
[Date "2001.04.11"]
[Round "1"]
[White "Lautier, J."]
[Black "Tkachiev, V."]
[Result "1/2-1/2"]
[WhiteElo "2658"]
[BlackElo "2672"]
[PlyCount "41"]
[EventDate "2001.04.11"]

1. d4 Nf6 2. c4 e6 3. Nc3 Bb4 4. e3 c5 5. Nge2 d5 6. a3 Ba5 7. dxc5 dxc4 8.
Qxd8+ Kxd8 9. Bd2 e5 10. Ne4 Nc6 11. N2c3 Bxc3 12. Nxc3 Be6 13. f3 Nd7 14. Ne4
f5 15. Nd6 Nxc5 16. Nxc4 Nb3 17. Rd1 Nxd2 18. Nxd2 Ke7 19. Bc4 Rac8 20. Bxe6
Kxe6 21. Ke2 1/2-1/2

[Event "Masters 4th"]
[Site "Enghien-les-Bains "]
[Date "2001.04.12"]
[Round "2"]
[White "Akopian, V."]
[Black "Tkachiev, V."]
[Result "1/2-1/2"]
[WhiteElo "2654"]
[BlackElo "2672"]
[PlyCount "42"]
[EventDate "2001.04.11"]

1. e4 e5 2. Nf3 Nc6 3. Bb5 a6 4. Ba4 Nf6 5. O-O Be7 6. Re1 b5 7. Bb3 O-O 8. h3
Bb7 9. d3 h6 10. c3 Re8 11. Nbd2 Bf8 12. a4 Na5 13. Ba2 c5 14. Nb3 Nxb3 15.
Bxb3 Qc7 16. c4 bxc4 17. Bxc4 d5 18. exd5 Bxd5 19. Bxd5 Nxd5 20. Bd2 Rad8 21.
Qc2 Qd6 1/2-1/2

[Event "Masters 4th"]
[Site "Enghien-les-Bains "]
[Date "2001.04.12"]
[Round "2"]
[White "Grischuk, A."]
[Black "Fressinet, L."]
[Result "1/2-1/2"]
[WhiteElo "2668"]
[BlackElo "2575"]
[PlyCount "34"]
[EventDate "2001.04.11"]

1. e4 e5 2. Nf3 d6 3. d4 exd4 4. Nxd4 Nf6 5. Nc3 Be7 6. g3 d5 7. e5 Ng4 8. Nf3
Nc6 9. Qxd5 Bf5 10. Bc4 Qxd5 11. Nxd5 Ngxe5 12. Nxe5 Nxe5 13. Nxe7 Kxe7 14. Bd5
c6 15. Bf4 cxd5 16. Bxe5 f6 17. Bd4 Bxc2 1/2-1/2

[Event "Masters 4th"]
[Site "Enghien-les-Bains "]
[Date "2001.04.12"]
[Round "2"]
[White "Bareev, E."]
[Black "Van Wely, L."]
[Result "1/2-1/2"]
[WhiteElo "2709"]
[BlackElo "2670"]
[PlyCount "84"]
[EventDate "2001.04.11"]

1. d4 Nf6 2. c4 g6 3. Nc3 d5 4. Nf3 Bg7 5. Qb3 dxc4 6. Qxc4 O-O 7. e4 Na6 8.
Be2 c5 9. d5 e6 10. O-O exd5 11. exd5 Bf5 12. Bf4 Qb6 13. Be5 Rfe8 14. Rfd1 Ne4
15. Bxg7 Nd6 16. Qf4 Kxg7 17. Rac1 Rad8 18. b3 Ne4 19. Na4 Qc7 20. d6 Rxd6 21.
Rxd6 Qxd6 22. Qxd6 Nxd6 23. Bxa6 bxa6 24. Nxc5 Re2 25. a4 Rb2 26. Nd4 Ne4 27.
Nxf5+ gxf5 28. f3 Nxc5 29. Rxc5 f4 30. h4 Rxb3 31. Kh2 f6 32. Kh3 Rb2 33. Ra5
Kg6 34. h5+ Kh6 35. Rf5 Ra2 36. Rxf6+ Kg5 37. Rxa6 Kxh5 38. Rxa7 h6 39. a5 Ra1
40. g4+ Kg5 41. Ra8 Rh1+ 42. Kg2 Ra1 1/2-1/2

[Event "Masters 4th"]
[Site "Enghien-les-Bains "]
[Date "2001.04.13"]
[Round "3"]
[White "Fressinet, L."]
[Black "Akopian, V."]
[Result "1/2-1/2"]
[WhiteElo "2575"]
[BlackElo "2654"]
[PlyCount "47"]
[EventDate "2001.04.11"]

1. e4 e6 2. d4 d5 3. Nc3 Nf6 4. Bg5 dxe4 5. Nxe4 Nbd7 6. Nf3 h6 7. Nxf6+ Nxf6
8. Bh4 c5 9. Bc4 a6 10. O-O Be7 11. Bb3 cxd4 12. Nxd4 O-O 13. c3 Ne4 14. Bxe7
Qxe7 15. Re1 Nf6 16. Qe2 Qc7 17. Nf3 Bd7 18. Rad1 Bb5 19. Qe5 Qxe5 20. Nxe5
Rfd8 21. a4 Be8 22. Rxd8 Rxd8 23. Rd1 Rc8 24. Rd4 1/2-1/2

[Event "Masters 4th"]
[Site "Enghien-les-Bains "]
[Date "2001.04.13"]
[Round "3"]
[White "Van Wely, L."]
[Black "Grischuk, A."]
[Result "1/2-1/2"]
[WhiteElo "2670"]
[BlackElo "2668"]
[PlyCount "105"]
[EventDate "2001.04.11"]

1. d4 d5 2. c4 e6 3. Nc3 c5 4. cxd5 exd5 5. Nf3 Nc6 6. g3 Nf6 7. Bg2 Be7 8. O-O
O-O 9. dxc5 Bxc5 10. Bg5 d4 11. Bxf6 Qxf6 12. Nd5 Qd8 13. Nd2 Re8 14. Rc1 Bb6
15. Nc4 Bg4 16. Re1 Bc5 17. a3 a6 18. b4 Ba7 19. Qd2 Rc8 20. a4 Be6 21. Nf4
Bxc4 22. Rxc4 Ne5 23. Rxc8 Qxc8 24. Rc1 Qd7 25. Qc2 d3 26. exd3 Bd4 27. h3 g6
28. Kh2 Kg7 29. Be4 h5 30. Nd5 Re6 31. f4 Rc6 32. Qd1 Rxc1 33. Qxc1 Qc6 34. Qd2
f5 35. Bg2 Nd7 36. Qe1 Qd6 37. Qc1 b5 38. a5 h4 39. gxh4 Kh6 40. Qe1 Nf6 41.
Qe7 Qxe7 42. Nxe7 Ne8 43. Nd5 Bg7 44. Ne3 Bf8 45. Nc2 Bd6 46. Kg3 Nc7 47. Bb7
Kh5 48. d4 Kh6 49. d5 Kh5 50. Bc6 Kh6 51. Bb7 Kh5 52. Bc6 Kh6 53. Bb7 1/2-1/2

[Event "Masters 4th"]
[Site "Enghien-les-Bains "]
[Date "2001.04.13"]
[Round "3"]
[White "Bacrot, E."]
[Black "Bareev, E."]
[Result "1/2-1/2"]
[WhiteElo "2627"]
[BlackElo "2709"]
[PlyCount "37"]
[EventDate "2001.04.11"]

1. d4 d5 2. c4 c6 3. Nf3 Nf6 4. e3 Bg4 5. h3 Bxf3 6. Qxf3 e6 7. Nc3 Nbd7 8. Bd2
Bd6 9. g4 h6 10. h4 Bb4 11. Bd3 dxc4 12. Bxc4 Qe7 13. O-O-O Nd5 14. e4 Nxc3 15.
bxc3 b5 16. Bb3 Ba3+ 17. Kb1 a5 18. g5 Nb6 19. gxh6 1/2-1/2

[Event "Masters 4th"]
[Site "Enghien-les-Bains "]
[Date "2001.04.13"]
[Round "3"]
[White "Lautier, J."]
[Black "Bologan, V."]
[Result "1-0"]
[WhiteElo "2658"]
[BlackElo "2676"]
[PlyCount "77"]
[EventDate "2001.04.11"]

1. d4 Nf6 2. c4 e6 3. Nf3 d5 4. g3 c6 5. Bg2 Nbd7 6. O-O Bd6 7. Nc3 O-O 8. Nd2
Bb4 9. Qb3 a5 10. Rd1 b5 11. cxd5 exd5 12. e4 Nb6 13. e5 Ne8 14. Qc2 g6 15. Nf3
Bf5 16. Qe2 Be7 17. Bh6 Ng7 18. h3 Re8 19. Rac1 Rc8 20. g4 Be6 21. b3 b4 22.
Nb1 Nd7 23. Nbd2 Qb6 24. Nf1 c5 25. dxc5 Nxc5 26. Ng3 a4 27. Nd4 Bh4 28. Qe3
axb3 29. axb3 Nd7 30. Nge2 Be7 31. f4 Bc5 32. Kh1 f6 33. f5 fxe5 34. fxe6 Nxe6
35. Bxd5 exd4 36. Nxd4 Ndf8 37. Rf1 Qd6 38. Rxf8+ Rxf8 39. Qxe6+ 1-0

[Event "Masters 4th"]
[Site "Enghien-les-Bains "]
[Date "2001.04.13"]
[Round "3"]
[White "Tkachiev, V."]
[Black "Bauer, Ch"]
[Result "1/2-1/2"]
[WhiteElo "2672"]
[BlackElo "2612"]
[PlyCount "45"]
[EventDate "2001.04.11"]

1. d4 Nf6 2. c4 e6 3. Nf3 d5 4. g3 Be7 5. Bg2 O-O 6. O-O dxc4 7. Qc2 a6 8. a4
Bd7 9. Qxc4 Bc6 10. Bg5 Bd5 11. Qc2 Be4 12. Qc1 a5 13. Nc3 Bd5 14. Re1 Nc6 15.
e4 Bc4 16. Nb5 Bd3 17. Qd1 Nb4 18. Nc3 h6 19. Bf4 c5 20. e5 Nfd5 21. Nxd5 Qxd5
22. Re3 Bc2 23. Qd2 1/2-1/2

[Event "Masters 4th"]
[Site "Enghien-les-Bains "]
[Date "2001.04.14"]
[Round "4"]
[White "Grischuk, A."]
[Black "Bacrot, E."]
[Result "0-1"]
[WhiteElo "2668"]
[BlackElo "2627"]
[PlyCount "112"]
[EventDate "2001.04.11"]

1. e4 e5 2. Nf3 Nc6 3. Bb5 a6 4. Ba4 Nf6 5. O-O Be7 6. Re1 b5 7. Bb3 d6 8. c3
O-O 9. h3 Bb7 10. d4 Re8 11. Ng5 Rf8 12. Nf3 Re8 13. Nbd2 Bf8 14. a4 h6 15. Bc2
exd4 16. cxd4 Nb4 17. Bb1 c5 18. d5 Nd7 19. Ra3 f5 20. Nh2 Nf6 21. Rg3 Qe7 22.
Rf3 Bxd5 23. Rxf5 Bf7 24. Ndf3 Be6 25. g4 Bxf5 26. gxf5 Qb7 27. Ng4 Nxe4 28.
Bxh6 Nf6 29. Be3 Nxg4 30. hxg4 Qd5 31. Nd2 c4 32. g5 Nd3 33. Bxd3 cxd3 34. Qg4
Re5 35. f6 Qe6 36. Qg3 d5 37. Rc1 Bd6 38. Rc6 d4 39. f7+ Qxf7 40. Rxd6 dxe3 41.
Qxe5 Re8 42. Qxe3 Rxe3 43. fxe3 Qf5 44. g6 Qg4+ 45. Kf2 Qe2+ 46. Kg3 Kf8 47.
Nf3 Qxe3 48. axb5 axb5 49. b4 Ke7 50. Rd5 Ke6 51. Rd8 Kf5 52. Kg2 Kxg6 53. Rxd3
Qe2+ 54. Kg1 Kh6 55. Rd6+ g6 56. Rf6 Kg7 0-1

[Event "Masters 4th"]
[Site "Enghien-les-Bains "]
[Date "2001.04.14"]
[Round "4"]
[White "Fressinet, L."]
[Black "Van Wely, L."]
[Result "0-1"]
[WhiteElo "2575"]
[BlackElo "2670"]
[PlyCount "154"]
[EventDate "2001.04.11"]

1. e4 c5 2. Nf3 d6 3. d4 cxd4 4. Nxd4 Nf6 5. Nc3 a6 6. Be3 e5 7. Nb3 Be6 8. f3
Nbd7 9. g4 h6 10. Qd2 b5 11. O-O-O Nb6 12. Qf2 Nfd7 13. Kb1 Rc8 14. Nd5 Bxd5
15. exd5 Nc4 16. Bc1 g6 17. h4 Bg7 18. Bd3 Ndb6 19. Qe1 O-O 20. h5 g5 21. Bf5
Rc7 22. Be4 Qb8 23. Na5 Nxa5 24. Qxa5 Qb7 25. Qe1 Ra8 26. Bd3 Na4 27. Qe4 Nc5
28. Qf5 Nxd3 29. Rxd3 Qc8 30. Qxc8+ Raxc8 31. Rh2 f5 32. gxf5 Rf7 33. c3 Rxf5
34. Kc2 Rc4 35. b3 Rh4 36. Re2 Rxh5 37. Ba3 Bf8 38. c4 Rh4 39. c5 Kf7 40. c6
Ke8 41. Bb2 Kd8 42. Bc3 Rhf4 43. a4 bxa4 44. bxa4 Rxa4 45. Kb3 Rff4 46. Rb2 Kc8
47. Kc2 Be7 48. Rb7 Bd8 49. Rh7 Rac4 50. Rxh6 Bf6 51. Kb3 Rc5 52. Rh7 Rb5+ 53.
Ka3 Rc4 54. Rf7 Bd8 55. Ra7 Bb6 56. Rxa6 Kc7 57. Ra8 Rcc5 58. Bb4 Rxd5 59. Rc3
Bc5 60. Bxc5 Rdxc5 61. Rxc5 Rxc5 62. Kb4 Kxc6 63. Rg8 Kd5 64. Rxg5 Rc4+ 65. Kb3
Rf4 66. Rg3 Kd4 67. Kc2 Ke3 68. Rg6 d5 69. Rg5 Rc4+ 70. Kd1 Kf4 71. Rh5 d4 72.
Rh3 Ra4 73. Kd2 Ra2+ 74. Ke1 Ke3 75. Kd1 Ra1+ 76. Kc2 d3+ 77. Kc3 Rc1+ 0-1

[Event "Masters 4th"]
[Site "Enghien-les-Bains "]
[Date "2001.04.16"]
[Round "5"]
[White "Van Wely, L."]
[Black "Akopian, V."]
[Result "0-1"]
[WhiteElo "2670"]
[BlackElo "2654"]
[PlyCount "84"]
[EventDate "2001.04.11"]

1. Nf3 c5 2. c4 Nc6 3. Nc3 Nd4 4. e3 Nxf3+ 5. Qxf3 g6 6. b3 Bg7 7. Bb2 d6 8. g4
Nf6 9. g5 Nd7 10. h4 Ne5 11. Qg2 Bg4 12. Be2 Bxe2 13. Kxe2 Nc6 14. Rab1 h5 15.
Nd5 O-O 16. f4 Bxb2 17. Rxb2 e6 18. Nf6+ Kg7 19. a3 Rb8 20. b4 cxb4 21. axb4
Ne7 22. Ra1 a6 23. b5 axb5 24. Rxb5 Ng8 25. Ne4 Qc7 26. d3 d5 27. cxd5 Qd7 28.
Raa5 Rbc8 29. Kf3 b6 30. dxe6 Qxd3 31. Rd5 Qb1 32. Rab5 Qe1 33. Rxb6 Ne7 34.
Qb2+ Kh7 35. Nf6+ Kh8 36. Nxh5+ Rc3 37. Qd2 Rxe3+ 38. Qxe3 Qxe3+ 39. Kxe3 Nxd5+
40. Kd4 Nxb6 41. Nf6 fxe6 42. Ke5 Nd5 0-1

[Event "Masters 4th"]
[Site "Enghien-les-Bains "]
[Date "2001.04.16"]
[Round "5"]
[White "Bacrot, E."]
[Black "Fressinet, L."]
[Result "1/2-1/2"]
[WhiteElo "2627"]
[BlackElo "2575"]
[PlyCount "58"]
[EventDate "2001.04.11"]

1. d4 d5 2. c4 e6 3. Nf3 c6 4. Nc3 dxc4 5. a4 Bb4 6. e3 b5 7. Bd2 Qe7 8. axb5
Bxc3 9. Bxc3 cxb5 10. d5 Nf6 11. d6 Qb7 12. b3 Nbd7 13. bxc4 b4 14. Bd4 a5 15.
Qa4 O-O 16. c5 Qd5 17. c6 e5 18. Bb2 Nc5 19. Qd1 Qxc6 20. Nxe5 Qb6 21. Nc4 Qd8
22. Bd4 Nfd7 23. Be2 Bb7 24. O-O a4 25. Qd2 Rb8 26. Qe1 Bc6 27. Rb1 Nb3 28.
Rxb3 axb3 29. f3 Qg5 1/2-1/2

[Event "Masters 4th"]
[Site "Enghien-les-Bains "]
[Date "2001.04.16"]
[Round "5"]
[White "Lautier, J."]
[Black "Grischuk, A."]
[Result "1-0"]
[WhiteElo "2658"]
[BlackElo "2668"]
[PlyCount "137"]
[EventDate "2001.04.11"]

1. d4 d5 2. c4 e6 3. Nc3 c5 4. cxd5 exd5 5. Nf3 Nc6 6. g3 Nf6 7. Bg2 Be7 8. O-O
O-O 9. Bg5 cxd4 10. Nxd4 h6 11. Be3 Re8 12. Qa4 Bd7 13. Rfd1 Na5 14. Qc2 Nc4
15. Nxd5 Nxd5 16. Bxd5 Nxe3 17. fxe3 Bf6 18. Qb3 Qe7 19. e4 Bg4 20. Rac1 Red8
21. Nf3 Bh5 22. e5 Bxe5 23. Qxb7 Qxb7 24. Bxb7 Rxd1+ 25. Rxd1 Rb8 26. Nxe5 Rxb7
27. Rd2 f6 28. Nc4 Rc7 29. b3 Kf8 30. Kf2 Bf7 31. Nd6 a5 32. Rd4 Rc5 33. Ra4
Bd5 34. Ke3 Bc6 35. Rc4 Re5+ 36. Kd3 Bd7 37. Rd4 Ke7 38. Nc4 Rf5 39. Rf4 Rh5
40. h4 Rd5+ 41. Rd4 Rf5 42. Re4+ Kd8 43. a4 g5 44. Ne3 Rf2 45. Rd4 Kc7 46. Rc4+
Kd6 47. Rd4+ Kc7 48. Nd5+ Kc6 49. Ke3 Rf1 50. b4 axb4 51. Nxb4+ Kc7 52. Na6+
Kc8 53. Rc4+ Kd8 54. Nc5 Ke7 55. Rb4 Rc1 56. Re4+ Kd8 57. Kd4 Bf5 58. Re3 gxh4
59. gxh4 Rh1 60. Kd5 Rxh4 61. a5 Rh1 62. a6 Ra1 63. Kc6 Bg6 64. Kb7 Rb1+ 65.
Rb3 Rxb3+ 66. Nxb3 Be4+ 67. Kb8 h5 68. Nc5 Bd5 69. Nb7+ 1-0

[Event "Masters 4th"]
[Site "Enghien-les-Bains "]
[Date "2001.04.16"]
[Round "5"]
[White "Bauer, Ch"]
[Black "Bologan, V."]
[Result "0-1"]
[WhiteElo "2612"]
[BlackElo "2676"]
[PlyCount "80"]
[EventDate "2001.04.11"]

1. d4 Nf6 2. c4 e6 3. Nf3 d5 4. Nc3 Be7 5. Bg5 h6 6. Bxf6 Bxf6 7. e3 O-O 8. Rc1
Nc6 9. a3 dxc4 10. Bxc4 e5 11. d5 Ne7 12. Ne4 Ng6 13. Ba2 Be7 14. O-O Kh8 15.
Qb3 f5 16. Nc5 Bd6 17. Bb1 Qf6 18. Rfe1 b6 19. Ne6 Bxe6 20. dxe6 e4 21. Nd4
Rae8 22. Nb5 Nh4 23. Red1 Qg5 24. g3 Nf3+ 25. Kg2 Qh5 26. h4 Bxg3 27. fxg3
Nxh4+ 28. gxh4 Qf3+ 29. Kh2 Qf2+ 30. Kh1 Qxh4+ 31. Kg1 Qg3+ 32. Kf1 f4 33. Bxe4
fxe3+ 34. Ke2 Rf2+ 35. Kd3 e2+ 36. Kc4 exd1=Q 37. Qxd1 Qe5 38. Nc3 Rxb2 39. Qd7
b5+ 40. Kd3 Qg3+ 0-1

[Event "Masters 4th"]
[Site "Enghien-les-Bains "]
[Date "2001.04.17"]
[Round "6"]
[White "Bareev, E."]
[Black "Bauer, Ch"]
[Result "1-0"]
[WhiteElo "2709"]
[BlackElo "2618"]
[PlyCount "74"]
[EventDate "2001.04.11"]

1. d4 b6 2. e4 Bb7 3. Nc3 e6 4. Nf3 Bb4 5. Bd3 Nf6 6. Qe2 d5 7. exd5 Qxd5 8.
O-O Bxc3 9. bxc3 O-O 10. Bf4 Rc8 11. Rfe1 c5 12. dxc5 Qxc5 13. c4 Nbd7 14. a4
Re8 15. a5 e5 16. Be3 Qc7 17. Bf5 bxa5 18. Bd2 e4 19. Nd4 Nb6 20. Bg5 Qxc4 21.
Qxc4 Nxc4 22. Reb1 Bd5 23. Rb5 Rad8 24. Rc5 h6 25. Bh4 e3 26. f3 g5 27. Bg3 Nh5
28. Bc7 Nf4 29. Bxd8 Rxd8 30. c3 Ne6 31. Bxe6 fxe6 32. Kf1 Rb8 33. Rb5 Nd2+ 34.
Ke1 Rc8 35. Rbxa5 Rxc3 36. Rxa7 Kf8 37. R7a3 Rxa3 1-0

[Event "Masters 4th"]
[Site "Enghien-les-Bains "]
[Date "2001.04.17"]
[Round "6"]
[White "Grischuk, A."]
[Black "Tkachiev, V."]
[Result "1-0"]
[WhiteElo "2663"]
[BlackElo "2672"]
[PlyCount "89"]
[EventDate "2001.04.11"]

1. e4 e5 2. Nf3 Nc6 3. Bb5 a6 4. Ba4 Nf6 5. O-O Be7 6. Re1 b5 7. Bb3 O-O 8. a4
Bb7 9. d3 d6 10. Nbd2 h6 11. Nf1 Re8 12. Bd2 Bf8 13. c4 b4 14. a5 Nd7 15. Ba4
Rb8 16. Ne3 Nc5 17. Qc2 b3 18. Qc3 Ba8 19. Nd5 Qd7 20. Bxc6 Bxc6 21. Be3 Na4
22. Qd2 Ba8 23. Nxc7 Qxc7 24. Rxa4 Qd7 25. Raa1 d5 26. cxd5 Bb4 27. Qd1 Bxe1
28. Nxe1 Rb5 29. Bd2 Bxd5 30. exd5 Qxd5 31. Bc3 Re6 32. Qf3 Qd7 33. Qe4 Rd6 34.
h3 Rdd5 35. Nf3 Rxd3 36. Nxe5 Rd1+ 37. Kh2 Qd5 38. Qxd5 Rdxd5 39. Nc6 Rdc5 40.
Nd4 Rb7 41. g4 h5 42. Kg3 Rc4 43. Kf3 f6 44. Ke3 Rc5 45. Kd3 1-0

[Event "Masters 4th"]
[Site "Enghien-les-Bains "]
[Date "2001.04.17"]
[Round "6"]
[White "Fressinet, L."]
[Black "Lautier, J."]
[Result "0-1"]
[WhiteElo "2581"]
[BlackElo "2658"]
[PlyCount "54"]
[EventDate "2001.04.11"]

1. e4 c5 2. Nf3 Nc6 3. Nc3 g6 4. Bb5 Bg7 5. O-O e5 6. Bxc6 dxc6 7. a3 Bg4 8. h3
Bxf3 9. Qxf3 Nf6 10. b4 Nd7 11. Rb1 b5 12. bxc5 a5 13. a4 b4 14. Ne2 Nxc5 15.
c3 Qd3 16. Bb2 O-O 17. cxb4 axb4 18. Rfc1 Rxa4 19. Qxd3 Nxd3 20. Rxc6 Ra2 21.
Bc1 Rd8 22. Rb3 h5 23. g4 h4 24. Kg2 Bh6 25. Rc7 Bxd2 26. Bxd2 Rxd2 27. Kf1 Ra8
0-1

[Event "Masters 4th"]
[Site "Enghien-les-Bains "]
[Date "2001.04.17"]
[Round "6"]
[White "Van Wely, L."]
[Black "Bacrot, E."]
[Result "1/2-1/2"]
[WhiteElo "2700"]
[BlackElo "2618"]
[PlyCount "123"]
[EventDate "2001.04.11"]

1. d4 d5 2. c4 c6 3. Nc3 Nf6 4. Nf3 e6 5. Bg5 Nbd7 6. cxd5 exd5 7. e3 Be7 8.
Qc2 Nf8 9. Bd3 Ne6 10. Bh4 g6 11. h3 O-O 12. O-O-O b5 13. Ne5 Bb7 14. f4 b4 15.
Na4 c5 16. dxc5 Nxc5 17. Nxc5 Bxc5 18. Kb1 Be7 19. Nc6 Bxc6 20. Qxc6 Rc8 21.
Qa6 Nh5 22. Be1 Bc5 23. g4 Nf6 24. Bh4 Kg7 25. e4 dxe4 26. Bxe4 Qb6 27. Qxb6
Bxb6 28. Bf3 Rc4 29. Rhf1 Re8 30. Rd6 Re6 31. Rxe6 fxe6 32. b3 Rd4 33. Kc2 h6
34. Bf2 Rxf4 35. Bg3 Rd4 36. Be5 Rd8 37. Bb7 Bd4 38. Rd1 Bb6 39. Rf1 Bd4 40.
Rd1 Bb6 41. Rxd8 Bxd8 42. Kd3 Kf7 43. Kc4 a5 44. Bf4 g5 45. Bg3 h5 46. Bf3 hxg4
47. hxg4 Ke7 48. Kc5 Kd7 49. Be5 Be7+ 50. Kb6 Bd8+ 51. Kc5 Be7+ 52. Kb5 Bd8 53.
Kc4 Ke7 54. Kb5 Kd7 55. Bb2 Kd6 56. a3 bxa3 57. Bxa3+ Ke5 58. Bc1 Ne4 59. Kc6
Bf6 60. Kb5 Bd8 61. Kc6 Bf6 62. Kb5 1/2-1/2

[Event "Masters 4th"]
[Site "Enghien-les-Bains "]
[Date "2001.04.18"]
[Round "7"]
[White "Bacrot, E."]
[Black "Akopian, V."]
[Result "1/2-1/2"]
[WhiteElo "2627"]
[BlackElo "2654"]
[PlyCount "30"]
[EventDate "2001.04.11"]

1. d4 Nf6 2. c4 e6 3. Nc3 Bb4 4. Nf3 c5 5. g3 cxd4 6. Nxd4 Ne4 7. Qd3 Bxc3+ 8.
bxc3 Nc5 9. Qf3 Nc6 10. Bf4 O-O 11. Rd1 Qa5 12. Bd6 Nxd4 13. Rxd4 b6 14. Qxa8
Qxc3+ 15. Rd2 Qa1+ 1/2-1/2

[Event "Masters 4th"]
[Site "Enghien-les-Bains "]
[Date "2001.04.18"]
[Round "7"]
[White "Lautier, J."]
[Black "Van Wely, L."]
[Result "1/2-1/2"]
[WhiteElo "2658"]
[BlackElo "2670"]
[PlyCount "60"]
[EventDate "2001.04.11"]

1. d4 Nf6 2. c4 g6 3. Nc3 d5 4. Nf3 Bg7 5. Qb3 dxc4 6. Qxc4 O-O 7. e4 Na6 8.
Be2 c5 9. d5 e6 10. O-O exd5 11. exd5 Bf5 12. Be3 Qb6 13. b3 Rfe8 14. Rad1 Rad8
15. Rfe1 Qa5 16. Bd2 Nb4 17. Bf1 Qc7 18. Rxe8+ Nxe8 19. Bg5 Rc8 20. Nb5 Qd7 21.
Nxa7 Nd6 22. Qc1 Nxa2 23. Qd2 Ra8 24. Qxa2 b6 25. Qa6 Qxa7 26. Qxa7 Rxa7 27.
Bd8 Rb7 28. Ba6 Ra7 29. Bf1 Rb7 30. Ba6 Ra7 1/2-1/2

[Event "Masters 4th"]
[Site "Enghien-les-Bains "]
[Date "2001.04.18"]
[Round "7"]
[White "Tkachiev, V."]
[Black "Fressinet, L."]
[Result "0-1"]
[WhiteElo "2672"]
[BlackElo "2575"]
[PlyCount "86"]
[EventDate "2001.04.11"]

1. d4 d5 2. c4 c6 3. Nc3 e6 4. e3 Nf6 5. Nf3 Nbd7 6. Bd3 dxc4 7. Bxc4 b5 8. Bd3
b4 9. Ne4 Be7 10. Nxf6+ Nxf6 11. e4 Bb7 12. O-O O-O 13. e5 Nd7 14. Be4 Rb8 15.
a3 bxa3 16. b4 f5 17. Bd3 Nb6 18. Bxa3 Nd5 19. Bc4 Qd7 20. Qd2 Rfd8 21. Rfb1
Ba8 22. Rb3 Nb6 23. Be2 Nd5 24. Rab1 Rb6 25. Ne1 Nc7 26. Nc2 c5 27. bxc5 Qd5
28. c6 Bxc6 29. Bf1 Rxb3 30. Rxb3 Qxb3 31. Bxe7 Rd7 32. Bc5 Bb5 33. Bxb5 Qxb5
34. Qc1 Nd5 35. Na3 Qb3 36. h4 Nc3 37. Kh2 Ne2 38. Qa1 a6 39. Bd6 Rb7 40. Qe1
Nxd4 41. Qc1 h5 42. Qd2 Nb5 43. Qg5 Nxd6 0-1

[Event "Masters 4th"]
[Site "Enghien-les-Bains "]
[Date "2001.04.19"]
[Round "8"]
[White "Van Wely, L."]
[Black "Tkachiev, V."]
[Result "1-0"]
[WhiteElo "2670"]
[BlackElo "2672"]
[PlyCount "81"]
[EventDate "2001.04.11"]

1. d4 Nf6 2. c4 e6 3. Nf3 b6 4. g3 Ba6 5. b3 Bb4+ 6. Bd2 Be7 7. Bg2 c6 8. O-O
d5 9. Qc2 Nbd7 10. Rd1 Rc8 11. Bf4 O-O 12. Nc3 Nh5 13. Bc1 Nhf6 14. Bf4 Nh5 15.
Bc1 Nhf6 16. e4 dxc4 17. Bf4 Bb4 18. Nd2 Qe7 19. Nxc4 Bxc4 20. bxc4 e5 21. dxe5
Nxe5 22. Ne2 Ng6 23. Be3 Ng4 24. Bd4 Rfe8 25. f4 Nf8 26. h3 c5 27. hxg4 cxd4
28. Nxd4 Qc5 29. a3 Bxa3 30. Kh2 Bb4 31. Nf5 Qxc4 32. Qxc4 Rxc4 33. Rxa7 Rcc8
34. e5 Rcd8 35. Bd5 Ne6 36. Bxe6 fxe6 37. Rxd8 Rxd8 38. Nxg7 Rd3 39. Nxe6 Be1
40. g5 Bxg3+ 41. Kg2 1-0

[Event "Masters 4th"]
[Site "Enghien-les-Bains "]
[Date "2001.04.19"]
[Round "8"]
[White "Bacrot, E."]
[Black "Lautier, J."]
[Result "1/2-1/2"]
[WhiteElo "2627"]
[BlackElo "2658"]
[PlyCount "67"]
[EventDate "2001.04.11"]

1. d4 Nf6 2. c4 e6 3. Nc3 Bb4 4. Nf3 c5 5. g3 Nc6 6. Bg2 Ne4 7. Bd2 Nxd2 8.
Qxd2 cxd4 9. Nxd4 Ne5 10. Nc2 Be7 11. b3 a6 12. Ne4 Qc7 13. Rd1 Rb8 14. Nd6+
Bxd6 15. Qxd6 Qxd6 16. Rxd6 b6 17. f4 Ng4 18. O-O Ke7 19. Rfd1 f6 20. R6d3 Re8
21. a4 Nh6 22. a5 bxa5 23. Ra1 Nf7 24. Rxa5 d6 25. Nd4 Kf8 26. Bc6 Re7 27. Be4
f5 28. Bg2 Rb6 29. e4 fxe4 30. Bxe4 g6 31. Bg2 e5 32. c5 dxc5 33. Rxc5 Bd7 34.
fxe5 1/2-1/2

[Event "Masters 4th"]
[Site "Enghien-les-Bains "]
[Date "2001.04.20"]
[Round "9"]
[White "Lautier, J."]
[Black "Akopian, V."]
[Result "1/2-1/2"]
[WhiteElo "2658"]
[BlackElo "2656"]
[PlyCount "84"]
[EventDate "2001.04.11"]

1. d4 Nf6 2. c4 e6 3. Nc3 Bb4 4. e3 b6 5. Nge2 Ba6 6. a3 Bxc3+ 7. Nxc3 d5 8. b3
O-O 9. a4 Nc6 10. Ba3 Re8 11. Be2 e5 12. dxe5 Nxe5 13. Nxd5 Nxd5 14. Qxd5 Qh4
15. Qd4 Qxd4 16. exd4 Nxc4 17. bxc4 Bxc4 18. O-O Bxe2 19. Rfc1 Red8 20. Rxc7
Rxd4 21. Bb2 Rd5 22. Re1 h6 23. Bc3 Bd1 24. a5 bxa5 25. Bxa5 Rxa5 26. Rxd1 Rf5
27. Rd4 a5 28. g4 Rg5 29. Ra4 f5 30. h3 fxg4 31. hxg4 Rb8 32. Ra7 Rb4 33. R4xa5
Rgxg4+ 34. Kf1 Rb1+ 35. Ke2 Rf4 36. Ra2 Rg4 37. R7a4 Rgg1 38. Ra5 Kh7 39. Rc5
Rb6 40. Rf5 Kg6 41. Raa5 Re6+ 42. Kf3 Rb6 1/2-1/2

[Event "Masters 4th"]
[Site "Enghien-les-Bains "]
[Date "2001.04.20"]
[Round "9"]
[White "Tkachiev, V."]
[Black "Bacrot, E."]
[Result "1-0"]
[WhiteElo "2672"]
[BlackElo "2618"]
[PlyCount "79"]
[EventDate "2001.04.11"]

1. d4 d5 2. c4 c6 3. Nc3 Nf6 4. e3 e6 5. Nf3 Nbd7 6. Bd3 dxc4 7. Bxc4 b5 8. Bd3
a6 9. e4 c5 10. e5 cxd4 11. Nxb5 Nxe5 12. Nxe5 axb5 13. O-O Qd5 14. Qe2 Ba6 15.
Bg5 Be7 16. f4 O-O 17. Rf3 Bb7 18. Rg3 Rfc8 19. Bxh7+ Kf8 20. Bh6 gxh6 21. Qh5
Ke8 22. Qxf7+ Kd8 23. Rg7 Qc5 24. h3 Rxa2 25. Rd1 Qd6 26. Ng6 Rxb2 27. Nxe7
Rxg2+ 28. Rxg2 Bxg2 29. Qxf6 Qxe7 30. Qxe7+ Kxe7 31. Kxg2 Rc4 32. Bd3 Rc5 33.
Kf3 Rh5 34. Bf1 Rd5 35. Ke4 Kf6 36. Rb1 d3 37. Bxd3 Rh5 38. Bf1 e5 39. Rxb5 Rh4
40. Rb6+ 1-0